| 000 | 00437nam a2200169Ia 4500 | ||
|---|---|---|---|
| 008 | 230718s9999 xx 000 0 und d | ||
| 041 | _aeng | ||
| 082 |
_a368.2 _bLUC |
||
| 100 |
_aLucey Terry _9160258 |
||
| 245 | _aQuantitative Techniques | ||
| 250 | _a6th ed. | ||
| 260 |
_c2003 _bThomson Publication |
||
| 300 | _a558 | ||
| 365 |
_cRs. _b357.00 |
||
| 700 |
_aLucey Terry _9160258 |
||
| 906 |
_dB:6876/13.12.0430-Aug-2005 _cOTH _b71.4 |
||
| 999 |
_c310223 _d310223 |
||